Žiar nad Hronom

Bibliographic Details
Format: Photo
Language:Slovak
Published: Martin Bratislava Osveta, n. p. PŠK - HSV 1958
Subjects:

MARC

LEADER 00000nkmaa2200000 a 4500
001 vtls010645824
003 SK-MaSNL
005 20260302013525.0
007 kf bo
008 230802s1958 xo ||00 k|slo
035 |a 620C89E0-E95B-496B-BC89-1A0DC47F6B16 
035 |a urn:nbn:sk:snk-kmxwqi 
035 |a urn:nbn:sk:snk-km001uu8 
040 |a SNKLA  |b slo  |c SNKLA  |e AACR2 
041 0 |a slo 
044 |a xo  |c SK 
245 0 0 |a Žiar nad Hronom  |h [grafika] 
260 |a Martin  |b Osveta, n. p.  |a Bratislava  |b PŠK - HSV  |c 1958 
300 |a 1 pohľadnica  |b čiernobiela  |c 9x14 cm 
651 7 |a Žiar nad Hronom (Slovensko)  |2 SNKPH  |9 24090 
651 7 |a Slovensko  |2 SNKPH 
655 7 |a geografické pohľadnice  |2 SNKPH  |9 70522 
852 |a Slovenská národná knižnica  |b Literárny archív 
958 |a BLA 
999 |c 1013321  |d 1015251 
952 |a SNKLA  |b SNKLA  |c SNKLA_DEP  |y NEVYP  |7 0  |p 17A1006944  |o snkPŽ 17/1  |i snkLA 580/2009  |0 0  |1 0  |4 0  |d 2015-01-09  |f 1  |l 0  |r 2026-02-24 12:59:47  |w 2026-02-24